000 01331nam a2200325Ia 4500
001 ebr10282632
003 CaPaEBR
006 m u
007 cr cn|||||||||
008 090122s2009 gw sb 001 0 eng d
010 _z 2009002390
020 _z9783110205213 (hardcover : alk. paper)
040 _aCaPaEBR
_cCaPaEBR
035 _a(OCoLC)646803396
050 1 4 _aP158.28
_b.E973 2009eb
245 0 0 _aExplorations of phase theory
_h[electronic resource] :
_binterpretation at the interfaces /
_cedited by Kleanthes K. Grohmann.
260 _aBerlin ;
_aNew York :
_bMouton de Gruyter,
_cc2009.
300 _a282 p.
490 1 _aInterface explorations ;
_v17
504 _aIncludes bibliographical references and index.
533 _aElectronic reproduction.
_bPalo Alto, Calif. :
_cebrary,
_d2011.
_nAvailable via World Wide Web.
_nAccess may be limited to ebrary affiliated libraries.
650 0 _aMinimalist theory (Linguistics)
650 0 _aGenerative grammar.
650 0 _aGrammar, Comparative and general
_xSyntax.
655 7 _aElectronic books.
_2local
700 1 _aGrohmann, Kleanthes K.
710 2 _aebrary, Inc.
830 0 _aInterface explorations ;
_v17.
856 4 0 _uhttp://site.ebrary.com/lib/rucke/Doc?id=10282632
_zAn electronic book accessible through the World Wide Web; click to view
999 _c3563
_d3563